| 000 | 00740nam a22002297a 4500 | ||
|---|---|---|---|
| 003 | KOHA_MİRAKIL | ||
| 005 | 20260416100608.0 | ||
| 008 | 260416b tu ||||| |||| 00| 0 tur d | ||
| 020 | _a9789755338767 | ||
| 040 |
_aTR-AnABB _btur _cTR-AnABB |
||
| 041 | _atur | ||
| 082 |
_a792.095 61 _bCON 2017 |
||
| 100 | 1 | _aÇongur, Elif | |
| 245 | 1 | 0 |
_aUlusal kimliği tiyatro ile kurmak : _bTürk tiyatrosunun kimlik inşasındaki işlevi / _cElif Çongur |
| 246 | _aTürk tiyatrosunun kimlik inşasındaki işlevi | ||
| 250 | _a1. baskı | ||
| 260 |
_aAnkara : _bİmge Kitabevi yayınları, _c2017 |
||
| 300 |
_a190 sayfa; _c20 cm |
||
| 650 | 0 | 4 | _aTürk tiyatrosu, tarih |
| 900 | _bCan ÇELIK | ||
| 942 |
_2ddc _cBK |
||
| 999 |
_c10291 _d10291 |
||